Loading...
| Science - Chemistry | 0 | 7 | 0 | 2 | 70 | 94 | 107.14 | 0 | 1 | 3.54 | 25.45 |
| Literature - European | 0 | 4 | 0 | 0 | 40 | 77 | 92.25 | 2 | 3 | 12.77 | 28.48 |
| Science - Other | 0 | 4 | 0 | 2 | 40 | 98 | 108.50 | 0 | 1 | 4.14 | 10.61 |
| Literature - World | 0 | 4 | 0 | 0 | 40 | 92 | 116.75 | 1 | 1 | 6.49 | 19.70 |
| History - World | 0 | 3 | 0 | 1 | 30 | 84 | 108.67 | 0 | 2 | 5.25 | 16.36 |
| Science - Biology | 0 | 3 | 0 | 0 | 30 | 69 | 82.67 | 0 | 2 | 6.18 | 15.15 |
| History - American | 0 | 2 | 0 | 1 | 20 | 63 | 97.00 | 0 | 1 | 4.69 | 6.06 |
| Literature - British | 0 | 2 | 0 | 0 | 20 | 26 | 66.00 | 0 | 1 | 9.81 | 9.09 |
| Social Science | 0 | 2 | 1 | 0 | 15 | 74 | 81.50 | 1 | 2 | 4.88 | 15.15 |
| Philosophy | 0 | 2 | 1 | 0 | 15 | 97 | 110.00 | 0 | 2 | 2.01 | 10.61 |
| Literature - American | 0 | 2 | 2 | 0 | 10 | 47 | 52.00 | 2 | 2 | 11.76 | 18.18 |
| Religion | 0 | 2 | 2 | 0 | 10 | 102 | 106.50 | 0 | 1 | 2.92 | 9.09 |
| Geography | 0 | 1 | 0 | 0 | 10 | 111 | 111.00 | 0 | 0 | 7.63 | 10.00 |
| Fine Arts - Other | 0 | 1 | 0 | 0 | 10 | 108 | 108.00 | 0 | 0 | 1.76 | 4.55 |
| Science - Physics | 0 | 2 | 2 | 1 | 10 | 68 | 90.50 | 0 | 0 | 3.47 | 4.55 |
| Mythology | 0 | 1 | 0 | 0 | 10 | 55 | 55.00 | 0 | 1 | 5.44 | 7.58 |
| Fine Arts - Classical Music | 0 | 1 | 0 | 0 | 10 | 123 | 123.00 | 0 | 0 | 0.29 | 1.52 |
| History - Other | 0 | 1 | 1 | 0 | 5 | 97 | 97.00 | 0 | 1 | 1.62 | 6.06 |
| History - European | 0 | 0 | 1 | 0 | -5 | 0.00 | 0 | 0 | 0.00 | 0.00 | |
| Fine Arts - Painting and Sculpture | 0 | 0 | 1 | 0 | -5 | 0.00 | 0 | 0 | 0.00 | 0.00 | |
| Other Academic | 0 | 0 | 1 | 0 | -5 | 0.00 | 0 | 0 | 0.00 | 0.00 |